Score 0/15 Timer 06:00
0 Plays Today
Hint Answer % Correct
TelluriumThe Exorcist
60.6%
FluorineFrankenstein
50%
Potassium PotassiumKing Kong
49%
TennessineThe Shining
48.1%
Iodine FluorineIt Follows
38.5%
CarbonCandyman
34.6%
Terbium Tungsten PhosphorusThe Blair Witch Project
31.7%
Tantalum HydrogenThe Amityville Horror
26%
Hint Answer % Correct
ThuliumThe Mummy
25%
Sulfur HydrogenSleepy Hollow
23.1%
Iodine Calcium NitrogenIt Comes at Night
22.1%
ThoriumThe Howling
21.2%
SamariumScary Movie
16.3%
Tantalum SulfurThe Abominable Snowman
10.6%
DarmstadtiumDog Soldiers
7.7%
Remove Ads.
Support Sporcle.
Get the best of Sporcle when you Go Orange. This ad-free experience offers more features, more stats, and more fun while also helping to support Sporcle. Thank you for becoming a member.

You're not logged in!

Compare scores with friends on all Sporcle quizzes.
OR
Log In

Show Comments

Extras

Top Quizzes Today


Score Distribution

Your Account Isn't Verified!

In order to create a playlist on Sporcle, you need to verify the email address you used during registration. Go to your Sporcle Settings to finish the process.

Report this User

Report this user for behavior that violates our Community Guidelines.

Details: